000 00740cam a2200241 i 4500
001 4161190
003 ARRUPE
005 20160804104415.0
008 781006s1976 ke b 000 0 eng
010 _a 78314903
040 _aDLC
_cDLC
_dDLC
050 0 0 _aPR6029.R8
_bA72
082 0 0 _a823/.9/12
100 1 _aAkivaga, S. Kichamu.
_923665
245 1 0 _aNotes on George Orwell's Animal farm /
_cS. Kichamu Akivaga.
260 _aNairobi :
_bHeinemann Educational Books,
_c1976.
300 _a44 p. ;
_c22 cm.
490 0 _aAn H.E.B. student's guide
504 _aBibliography: p. 44.
600 1 0 _aOrwell, George,
_d1903-1950.
_tAnimal farm
_924626
906 _a7
_bcbc
_corignew
_d4
_encip
_f19
_gy-gencatlg
942 _2lcc
_cMONOGRAPH
999 _c124860
_d124860